书目信息 |
| 题名: |
苏格拉底之道
|
|
| 作者: | Gross, , 格罗斯, 著 ;徐弢 , 李思凡 译 | |
| 分册: | ||
| 出版信息: | 北京 北京大学出版社 2005.10 |
|
| 页数: | 255页 | |
| 开本: | 25cm | |
| 丛书名: | 古典教育与通识教育丛书 | |
| 单 册: | ||
| 中图分类: | B502.231 | |
| 科图分类: | ||
| 主题词: | 思想评论--si xiang ping lun | |
| 电子资源: | ||
| ISBN: | 7-301-09479-5 | |
| 000 | 01370oam2 2200325 450 | |
| 001 | 012006000000 | |
| 005 | 20061114150324.14 | |
| 010 | @a7-301-09479-5@dCNY26.00 | |
| 100 | @a20060104d2005 em y0chiy0121 ea | |
| 101 | 1 | @achi@ceng |
| 102 | @aCN@b110000 | |
| 105 | @aa z 000yy | |
| 200 | 1 | @a苏格拉底之道@Asu ge la di zhi dao@e最充分地运用你的智慧的7把万能钥匙@f(美)罗纳德·格罗斯[Ronald Gross]著@g徐弢, 李思凡译 |
| 210 | @a北京@c北京大学出版社@d2005.10 | |
| 215 | @a255页@c照片, 图@d25cm | |
| 225 | 2 | @a古典教育与通识教育丛书@Agu dian jiao yu yu tong shi jiao yu cong shu |
| 314 | @a罗纳德·格罗斯[Ronald Gross], 美国人, 著名的网络专栏作家。 | |
| 330 | @a本书从七个方面介绍了掌握苏格拉底思想方法的关键: 了解你自己、学会正确提问、自己思考、敢于反常规、与朋友切磋、讲真话、提升灵魂。 | |
| 410 | 0 | @12001 @a古典教育与通识教育丛书 |
| 510 | 1 | @aSociates' way@zeng |
| 517 | 1 | @a最充分地运用你的智慧的7把万能钥匙@Azui chong fen di yun yong ni de zhi hui de 7 ba wan neng yue chi |
| 600 | 0 | @a苏格拉底,@Asu ge la di@f前469-前399@x思想评论 |
| 606 | 0 | @a思想评论@Asi xiang ping lun |
| 690 | @aB502.231@v4 | |
| 701 | 1 | @c(美)@aGross,@bR.@g(Gross, Ronald)@4著 |
| 701 | 1 | @c(美)@a格罗斯,@Age luo si@bR.@g(Gross, Ronald)@4著 |
| 702 | 0 | @a徐弢@Axu tao@4译 |
| 702 | 0 | @a李思凡@Ali si fan@4译 |
| 801 | 0 | @aCN@c20061114 |
| 905 | @apdsgxy@dB502.231@eG275 | |
| 苏格拉底之道:最充分地运用你的智慧的7把万能钥匙/(美)罗纳德·格罗斯[Ronald Gross]著/徐弢, 李思凡译.-北京:北京大学出版社,2005.10 |
| 255页:照片, 图;25cm.-(古典教育与通识教育丛书) |
| ISBN 7-301-09479-5:CNY26.00 |
| 本书从七个方面介绍了掌握苏格拉底思想方法的关键: 了解你自己、学会正确提问、自己思考、敢于反常规、与朋友切磋、讲真话、提升灵魂。 |
| ● |
| 相关链接 |
|
|
|
正题名:苏格拉底之道
索取号:B502.231/G275
 
预约/预借
| 序号 | 登录号 | 条形码 | 馆藏地/架位号 | 状态 | 备注 |
| 1 | 637266 | 206372664 | 社科库509/400B社科库 26排2列4层/ [索取号:B502.231/G275] | 在馆 | |
| 2 | 637267 | 206372673 | 社科库509/509社科库 16排4列1层/ [索取号:B502.231/G275] | 在馆 | |
| 3 | 637268 | 206372682 | 社科库509/509社科库 16排4列1层/ [索取号:B502.231/G275] | 在馆 |